| 000 | 00591nam a2200217Ia 4500 | ||
|---|---|---|---|
| 003 | OSt | ||
| 005 | 20220928145506.0 | ||
| 006 | a|||||r|||| 00| 0 | ||
| 007 | ta | ||
| 008 | 220927b |||||||| |||| 00| 0 eng d | ||
| 024 | _a80977 | ||
| 037 | _cTextual | ||
| 040 |
_aSDCL _cSDCL _beng |
||
| 041 |
_2eng _aeng |
||
| 082 | _aXLwK27, L8 | ||
| 100 |
_aClay Christeropher _9513210 |
||
| 245 | 0 |
_aPublic finance and private wealth _b The carrier of Sir Stephen Fox,1627-1716 |
|
| 260 | _c1978 | ||
| 942 |
_hXLwK27, L8 _cTEXL _2CC |
||
| 999 |
_c833857 _d833857 |
||